[Event "Antofagasta Zicosur op 2nd"]
[Site "Antofagasta"]
[Date "2016.01.10"]
[Round "9"]
[White "Masafierro Romero, Gino"]
[Black "Mamani Sandoval, Julio Fernando"]
[Result "1-0"]
[WhiteElo "1695"]
[BlackElo "1362"]
[PlyCount "51"]
[EventDate "2016.01.05"]
[EventType "swiss"]
[EventRounds "9"]
[EventCountry "CHI"]
[SourceTitle "CBM 170 Extra"]
[Source "ChessBase"]
[SourceDate "2016.02.25"]
[SourceVersion "1"]
[SourceVersionDate "2016.02.25"]
[SourceQuality "1"]

1. e4 d6 2. d4 b6 3. Nc3 Nf6 4. Bg5 g6 5. Bxf6 exf6 6. Bc4 Bg7 7. Nge2 0-0 8. Qd2 c5 9. dxc5 dxc5 10. Bd5 Nc6 11. Bxc6 Qxd2+ 12. Kxd2 Rb8 13. Rad1 Bb7 14. Bxb7 Rxb7 15. Kc1 b5 16. Nd5 a5 17. Kb1 Rd7 18. Nxf6+ Bxf6 19. Rxd7 Re8 20. f3 b4 21. Rhd1 Rc8 22. Ra7 Kg7 23. Rdd7 Kh6 24. Rxf7 Kg5 25. h3 Bd4 26. f4+ 1-0

[Event "Antofagasta Zicosur op 2nd"]
[Site "Antofagasta"]
[Date "2016.01.09"]
[Round "7"]
[White "Orostica Diaz, Pablo Mateo"]
[Black "Mamani Sandoval, Julio Fernando"]
[Result "1-0"]
[WhiteElo "1811"]
[BlackElo "1362"]
[PlyCount "67"]
[EventDate "2016.01.05"]
[EventType "swiss"]
[EventRounds "9"]
[EventCountry "CHI"]
[SourceTitle "CBM 170 Extra"]
[Source "ChessBase"]
[SourceDate "2016.02.25"]
[SourceVersion "1"]
[SourceVersionDate "2016.02.25"]
[SourceQuality "1"]

1. e4 d6 2. d4 g6 3. f4 Bg7 4. Nf3 Nf6 5. Bd3 b6 6. 0-0 0-0 7. c4 c5 8. d5 Ne8 9. e5 e6 10. Nc3 f5 11. exf6 Nxf6 12. Ng5 exd5 13. Nxd5 Nc6 14. Qf3 Qd7 15. Bd2 Bb7 16. Bc3 Nd4 17. Bxd4 cxd4 18. Rae1 Nxd5 19. cxd5 Bh6 20. Ne6 Rf6 21. Rc1 Bxd5 22. Qxd5 Qxe6 23. Qxa8+ Rf8 24. Qf3 Bxf4 25. Bc4 Qxc4 26. Rxc4 Be3+ 27. Kh1 Rxf3 28. Rxf3 Kg7 29. Rc7+ Kh6 30. Rxa7 g5 31. Rf6+ Kh5 32. Rxd6 Kg4 33. Rxd4+ Bxd4 34. Ra4 1-0